[Event "XVII. DBMM Schach"]
[Site "Berlin"]
[Date "2017.11.03"]
[Round "3.4"]
[White "Neudel, Bernd"]
[Black "Meseck, Michael"]
[Result "1/2-1/2"]
[WhiteElo "1869"]
[BlackElo "1514"]
[Annotator "rgv"]
[PlyCount "46"]
[EventDate "2017.??.??"]
[EventType "team-swiss"]
[EventRounds "7"]
[EventCountry "GER"]
[SourceTitle "XVII. DBMM 2017"]
[Source "FV Schach e.V."]
[SourceDate "2018.05.26"]
[SourceVersion "1"]
[SourceVersionDate "2018.05.26"]
[SourceQuality "1"]
[WhiteTeam "Deutsche Bahn/BSW Frankurt/M"]
[BlackTeam "BA Tempelhof Berlin III"]
[WhiteTeamCountry "GER"]
[BlackTeamCountry "GER"]

1. d4 d5 2. Nf3 Nf6 3. c4 e6 4. Nc3 Be7 5. e3 O-O 6. Be2 c5 7. O-O cxd4 8. exd4
Nc6 9. h3 a6 10. Be3 h6 11. Rc1 Bd7 12. a3 dxc4 13. Bxc4 Na5 14. Ba2 Rc8 15. d5
Bd6 16. dxe6 Bxe6 17. Bxe6 fxe6 18. Re1 Nc4 19. Qb3 Nd5 20. Nxd5 exd5 21. Qxb7
Nxe3 22. Rxc8 Qxc8 23. Qxc8 Rxc8 1/2-1/2

[Event "XVII. DBMM Schach"]
[Site "Berlin"]
[Date "2017.11.03"]
[Round "3.3"]
[White "Buchholz, Robert"]
[Black "Mayer, Herbert"]
[Result "1/2-1/2"]
[WhiteElo "1961"]
[BlackElo "1859"]
[Annotator "hm"]
[PlyCount "64"]
[EventDate "2017.??.??"]
[EventType "team-swiss"]
[EventRounds "7"]
[EventCountry "GER"]
[SourceTitle "XVII. DBMM 2017"]
[Source "FV Schach e.V."]
[SourceDate "2018.05.26"]
[SourceVersion "1"]
[SourceVersionDate "2018.05.26"]
[SourceQuality "1"]
[WhiteTeam "Baubehoerde Hamburg"]
[BlackTeam "SV Osram Berlin II"]
[WhiteTeamCountry "GER"]
[BlackTeamCountry "GER"]

1. d4 d5 2. c4 dxc4 3. Nf3 Nf6 4. Nc3 g6 5. e4 Bg7 6. Bxc4 O-O 7. O-O Nfd7 8.
Bf4 Nb6 9. Be2 c6 10. Qd2 Bg4 11. Rad1 Bxf3 12. Bxf3 e5 13. Bxe5 Bxe5 14. dxe5
Qxd2 15. Rxd2 Nc4 16. Rd4 Nxe5 17. Be2 Ned7 18. Rfd1 Nc5 19. b4 Ne6 20. Rd6 a5
21. b5 cxb5 22. Bxb5 Na6 23. Nd5 Nac5 24. Nf6+ Kg7 25. e5 Rfd8 26. g3 Rxd6 27.
Rxd6 Rd8 28. Rxd8 Nxd8 29. f4 Nde6 30. Kf2 Nd4 31. Nd7 Ne4+ 32. Ke3 Nxb5
1/2-1/2

[Event "XVII. DBMM Schach"]
[Site "Berlin"]
[Date "2017.11.03"]
[Round "3.1"]
[White "Piotrowski, Roger"]
[Black "Blum, Norbert"]
[Result "1/2-1/2"]
[WhiteElo "1756"]
[BlackElo "1995"]
[Annotator "rgv"]
[PlyCount "51"]
[EventDate "2017.??.??"]
[EventType "team-swiss"]
[EventRounds "7"]
[EventCountry "GER"]
[SourceTitle "XVII. DBMM 2017"]
[Source "FV Schach e.V."]
[SourceDate "2018.05.26"]
[SourceVersion "1"]
[SourceVersionDate "2018.05.26"]
[SourceQuality "1"]
[WhiteTeam "Telestern Berlin"]
[BlackTeam "Sparkassen-Vers. Stuttgart"]
[WhiteTeamCountry "GER"]
[BlackTeamCountry "GER"]

1. d4 Nf6 2. Nf3 g6 3. c4 Bg7 4. Nc3 d5 5. e3 O-O 6. Bd3 c5 7. O-O Nc6 8. cxd5
Nxd5 9. Nxd5 Qxd5 10. e4 Qd6 11. d5 Nd4 12. Be3 Nxf3+ 13. Qxf3 Bxb2 14. Rab1
Be5 15. h3 f5 16. Bh6 Rf7 17. Qe2 f4 18. Qf3 Qf6 19. Bc4 Qh4 20. d6 e6 21. d7
Bxd7 22. Rxb7 Bc8 23. Rxf7 Kxf7 24. Qa3 Bd4 25. Qa4 f3 26. Qc6 1/2-1/2

[Event "XVII. DBMM Schach"]
[Site "Berlin"]
[Date "2017.11.03"]
[Round "3.2"]
[White "Bohne, Uwe"]
[Black "Meseck, Klaus"]
[Result "1-0"]
[WhiteElo "2032"]
[BlackElo "1731"]
[Annotator "rgv"]
[PlyCount "71"]
[EventDate "2017.??.??"]
[EventType "team-swiss"]
[EventRounds "7"]
[EventCountry "GER"]
[SourceTitle "XVII. DBMM 2017"]
[Source "FV Schach e.V."]
[SourceDate "2018.05.26"]
[SourceVersion "1"]
[SourceVersionDate "2018.05.26"]
[SourceQuality "1"]
[WhiteTeam "Sparkassen-Vers. Stuttgart"]
[BlackTeam "Telestern Berlin"]
[WhiteTeamCountry "GER"]
[BlackTeamCountry "GER"]

1. d4 Nf6 2. Bf4 g6 3. e3 Bg7 4. h3 d6 5. Nf3 O-O 6. Be2 Nbd7 7. O-O c5 8. c3
a6 9. a4 Nh5 10. Bh2 e5 11. g4 e4 12. gxh5 exf3 13. Bxf3 Qg5+ 14. Kh1 Qh4 15.
Bg2 cxd4 16. cxd4 Qe7 17. Nd2 Nf6 18. hxg6 fxg6 19. Qb3+ Be6 20. Qxb7 Qxb7 21.
Bxb7 Ra7 22. Bg2 d5 23. Bd6 Rd8 24. Bc5 Rb7 25. b4 Nd7 26. Nb3 Rc8 27. Rab1 Bf8
28. Bxf8 Kxf8 29. Nc5 Nxc5 30. bxc5 Rcb8 31. Rxb7 Rxb7 32. Kh2 a5 33. Kg3 Rb4
34. Kf4 Ke7 35. Ke5 Rxa4 36. Bxd5 1-0

[Event "XVII. DBMM Schach"]
[Site "Berlin"]
[Date "2017.11.03"]
[Round "3.3"]
[White "Norris, Ray"]
[Black "Bischoff, Ulrich"]
[Result "1/2-1/2"]
[WhiteElo "1651"]
[BlackElo "2072"]
[Annotator "rgv"]
[PlyCount "47"]
[EventDate "2017.??.??"]
[EventType "team-swiss"]
[EventRounds "7"]
[EventCountry "GER"]
[SourceTitle "XVII. DBMM 2017"]
[Source "FV Schach e.V."]
[SourceDate "2018.05.26"]
[SourceVersion "1"]
[SourceVersionDate "2018.05.26"]
[SourceQuality "1"]
[WhiteTeam "Telestern Berlin"]
[BlackTeam "Sparkassen-Vers. Stuttgart"]
[WhiteTeamCountry "GER"]
[BlackTeamCountry "GER"]

1. b3 e5 2. Bb2 Nc6 3. e3 Nf6 4. Bb5 d6 5. Ne2 a6 6. Bxc6+ bxc6 7. f3 Be7 8.
O-O O-O 9. c4 Re8 10. d4 exd4 11. Nxd4 Bd7 12. Nc3 Bf8 13. e4 g6 14. Qc2 Bg7
15. Rad1 h5 16. Bc1 Nh7 17. Bb2 Qe7 18. Kh1 Nf6 19. Rfe1 Kh7 20. Qf2 Kg8 21. h3
Nh7 22. f4 Nf8 23. Nf3 Rad8 24. Na4 1/2-1/2

[Event "XVII. DBMM Schach"]
[Site "Berlin"]
[Date "2017.11.03"]
[Round "3.4"]
[White "Marten, Gero"]
[Black "Kleinwaechter, Manfred"]
[Result "1-0"]
[WhiteElo "2008"]
[BlackElo "1791"]
[Annotator "rgv"]
[PlyCount "41"]
[EventDate "2017.??.??"]
[EventType "team-swiss"]
[EventRounds "7"]
[EventCountry "GER"]
[SourceTitle "XVII. DBMM 2017"]
[Source "FV Schach e.V."]
[SourceDate "2018.05.26"]
[SourceVersion "1"]
[SourceVersionDate "2018.05.26"]
[SourceQuality "1"]
[WhiteTeam "Sparkassen-Vers. Stuttgart"]
[BlackTeam "Telestern Berlin"]
[WhiteTeamCountry "GER"]
[BlackTeamCountry "GER"]

1. Nf3 Nf6 2. g3 d5 3. Bg2 e6 4. O-O Nbd7 5. d3 Be7 6. Nbd2 O-O 7. Re1 Re8 8.
e4 dxe4 9. dxe4 e5 10. Nc4 Bc5 11. Ncxe5 Qe7 12. Nd3 Bd4 13. e5 Nxe5 14. Nfxe5
Bf5 15. Bf4 Rad8 16. Qc1 Bxd3 17. Nxd3 Qd7 18. Be3 Ng4 19. Bxd4 Qxd4 20. Qf4
Qxf4 21. Nxf4 1-0

[Event "XVII. DBMM Schach"]
[Site "Berlin"]
[Date "2017.11.03"]
[Round "3.1"]
[White "Huebner, Detlef"]
[Black "Feikes, Joerg"]
[Result "0-1"]
[WhiteElo "1573"]
[BlackElo "1971"]
[Annotator "rgv"]
[PlyCount "101"]
[EventDate "2017.??.??"]
[EventType "team-swiss"]
[EventRounds "7"]
[EventCountry "GER"]
[SourceTitle "XVII. DBMM 2017"]
[Source "FV Schach e.V."]
[SourceDate "2018.05.26"]
[SourceVersion "1"]
[SourceVersionDate "2018.05.26"]
[SourceQuality "1"]
[WhiteTeam "AGI Frankfurt II"]
[BlackTeam "BA Tempelhof Berlin II"]
[WhiteTeamCountry "GER"]
[BlackTeamCountry "GER"]

1. c4 e5 2. Nc3 Nf6 3. Nf3 Nc6 4. d4 exd4 5. Nxd4 Bb4 6. Nxc6 bxc6 7. Qc2 O-O
8. Bg5 Re8 9. e3 h6 10. Bh4 Be7 11. Be2 Bb7 12. O-O c5 13. Rad1 Ne4 14. Bxe7
Qxe7 15. Nd5 Bxd5 16. Rxd5 d6 17. Bf3 a5 18. b3 Rad8 19. Bxe4 Qxe4 20. Qxe4
Rxe4 21. Rfd1 Rde8 22. g3 {=} a4 23. R5d3 f5 24. Rc1 a3 25. Rb1 Rb8 26. Kf1
Rxc4 27. Ke2 Rc2+ 28. Rd2 Rxd2+ 29. Kxd2 Kf7 30. Kc3 Rb4 31. Rd1 Ke6 32. f3 g5
33. Re1 d5 34. Re2 Ke5 35. Kd3 c6 36. Kc3 Rb8 37. Kd3 Rb4 38. f4+ Kd6 39. Rf2
g4 40. Rc2 h5 41. Kc3 Kc7 42. Kd3 Kb6 43. Kc3 Ka5 44. Kd3 Re4 45. Rc3 Kb4 46.
Rc2 Re6 47. Rc1 Rh6 48. Rc2 h4 49. Rg2 hxg3 50. hxg3 Rh3 51. Rg1 0-1

[Event "XVII. DBMM Schach"]
[Site "Berlin"]
[Date "2017.11.03"]
[Round "3.2"]
[White "Schmidt, Joerg"]
[Black "Klowski, Bjoern Sigurd"]
[Result "1/2-1/2"]
[WhiteElo "1781"]
[BlackElo "1681"]
[Annotator "rgv"]
[PlyCount "62"]
[EventDate "2017.??.??"]
[EventType "team-swiss"]
[EventRounds "7"]
[EventCountry "GER"]
[SourceTitle "XVII. DBMM 2017"]
[Source "FV Schach e.V."]
[SourceDate "2018.05.26"]
[SourceVersion "1"]
[SourceVersionDate "2018.05.26"]
[SourceQuality "1"]
[WhiteTeam "BA Tempelhof Berlin II"]
[BlackTeam "AGI Frankfurt II"]
[WhiteTeamCountry "GER"]
[BlackTeamCountry "GER"]

1. e4 e6 2. Nc3 d5 3. exd5 exd5 4. d4 Nf6 5. h3 Bb4 6. Bd2 O-O 7. Bd3 Re8+ 8.
Nge2 Nc6 9. O-O Be6 10. a3 Bd6 11. Bg5 Kh8 12. Qd2 Rg8 13. Qe3 Ne7 14. Ng3 Qd7
15. Rfe1 Rae8 16. Qf3 Bxg3 17. fxg3 Bf5 18. Rxe7 Rxe7 19. Bxf5 Qd6 20. Kh2 c6
21. Bf4 Qd8 22. Be5 Nd7 23. Qh5 Nf8 24. Qh4 f6 25. Bxf6 gxf6 26. Qxf6+ Rgg7 27.
Rf1 Re8 28. Qh6 Qg5 29. Qd6 Rd8 30. Qe5 Re8 31. Qd6 Rd8 1/2-1/2

[Event "XVII. DBMM Schach"]
[Site "Berlin"]
[Date "2017.11.03"]
[Round "3.3"]
[White "Hoffmann, Frank"]
[Black "Thomas, Andreas"]
[Result "1/2-1/2"]
[WhiteElo "1492"]
[BlackElo "1852"]
[Annotator "rgv"]
[PlyCount "89"]
[EventDate "2017.??.??"]
[EventType "team-swiss"]
[EventRounds "7"]
[EventCountry "GER"]
[SourceTitle "XVII. DBMM 2017"]
[Source "FV Schach e.V."]
[SourceDate "2018.05.26"]
[SourceVersion "1"]
[SourceVersionDate "2018.05.26"]
[SourceQuality "1"]
[WhiteTeam "AGI Frankfurt II"]
[BlackTeam "BA Tempelhof Berlin II"]
[WhiteTeamCountry "GER"]
[BlackTeamCountry "GER"]

1. e4 c5 2. Nf3 e6 3. d3 Nc6 4. g3 d6 5. Bg2 Nf6 6. O-O Be7 7. Nc3 O-O 8. a3 a6
9. Ne1 d5 10. exd5 exd5 11. h3 Be6 12. Nf3 h6 13. Re1 Rc8 14. Ne2 Qd7 15. Nf4
Bf5 16. Nh4 Bh7 17. Nf3 Rfe8 18. Ne5 Qd6 19. Nxc6 bxc6 20. b3 Bf5 21. Kh2 Bf8
22. Bb2 d4 23. Qd2 g5 24. Ne2 Nd5 25. Ng1 Be6 26. Nf3 Bg7 27. Qc1 Ne7 28. Nd2
Ng6 29. Nc4 Qc7 30. a4 Bd5 31. Ba3 Nh4 32. Rxe8+ Rxe8 33. Bxd5 cxd5 34. Nd2 Re2
35. Kg1 Rxd2 36. gxh4 Qf4 37. Qe1 Rxc2 38. Rc1 Rxc1 39. Bxc1 Qf5 40. hxg5 hxg5
41. Qe8+ Kh7 42. Qc6 Qxh3 43. Qxd5 Qg4+ 44. Kh2 Qe2 45. Qf5+ 1/2-1/2

[Event "XVII. DBMM Schach"]
[Site "Berlin"]
[Date "2017.11.03"]
[Round "4.1"]
[White "Hoffmann, Hendrik"]
[Black "Thiede, Lars"]
[Result "1-0"]
[WhiteElo "2281"]
[BlackElo "2433"]
[Annotator "br"]
[PlyCount "69"]
[EventDate "2017.??.??"]
[EventType "team-swiss"]
[EventRounds "7"]
[EventCountry "GER"]
[SourceTitle "XVII. DBMM 2017"]
[Source "FV Schach e.V."]
[SourceDate "2018.05.26"]
[SourceVersion "1"]
[SourceVersionDate "2018.05.26"]
[SourceQuality "1"]
[WhiteTeam "le-tex GmbH Leipzig"]
[BlackTeam "BA Tempelhof Berlin"]
[WhiteTeamCountry "GER"]
[BlackTeamCountry "GER"]

1. e4 g6 2. d4 Bg7 3. Nf3 d6 4. h3 Nf6 5. Nc3 O-O 6. Be2 e6 7. O-O Nc6 8. Bg5
h6 9. Be3 a6 10. a3 Ne7 11. Nd2 b6 12. Bf3 Bb7 13. Ne2 Nh7 14. g3 d5 15. e5 Nf5
16. Nf4 c5 17. c3 Nxe3 18. fxe3 Qc7 19. Qc2 a5 20. Rf2 cxd4 21. exd4 Ba6 22.
Be2 Bxe2 23. Rxe2 Rfc8 24. Rf1 Qd8 25. Qd3 Qe8 26. Ref2 Rc7 27. h4 b5 28. h5 g5
29. Ng2 b4 30. c4 bxa3 31. bxa3 dxc4 32. Nxc4 Bf8 33. Nge3 Rd8 34. Ng4 Rxc4 35.
Rxf7 1-0

[Event "XVII. DBMM Schach"]
[Site "Berlin"]
[Date "2017.11.03"]
[Round "4.2"]
[White "Schildt, Rene"]
[Black "Heinrich, Thomas"]
[Result "1/2-1/2"]
[WhiteElo "2112"]
[BlackElo "2215"]
[Annotator "hm"]
[PlyCount "80"]
[EventDate "2017.??.??"]
[EventType "team-swiss"]
[EventRounds "7"]
[EventCountry "GER"]
[SourceTitle "XVII. DBMM 2017"]
[Source "FV Schach e.V."]
[SourceDate "2018.05.26"]
[SourceVersion "1"]
[SourceVersionDate "2018.05.26"]
[SourceQuality "1"]
[WhiteTeam "BA Tempelhof Berlin"]
[BlackTeam "le-tex GmbH Leipzig"]
[WhiteTeamCountry "GER"]
[BlackTeamCountry "GER"]

1. e4 Nf6 2. e5 Nd5 3. c4 Nb6 4. c5 Nd5 5. Nc3 Nxc3 6. bxc3 d5 7. d4 Nc6 8. Bd3
b6 9. Nf3 e6 10. O-O Be7 $11 11. Qd2 bxc5 12. Qf4 cxd4 13. Qg3 g6 14. Bb5 Bd7
15. cxd4 Rb8 16. a4 Nb4 17. Bh6 c6 18. Be2 c5 19. dxc5 Bxc5 20. Qf4 Bf8 21.
Rfc1 a5 22. Bxf8 Kxf8 23. Ng5 Qe8 24. Rc7 h6 25. Nxf7 Qxf7 26. Qxf7+ Kxf7 27.
Rxd7+ Kg8 28. Bg4 Re8 29. Rc1 Rh7 30. Bxe6+ Kh8 31. Rxh7+ Kxh7 32. Rc7+ Kh8 33.
Rc8 Rxc8 34. Bxc8 Nd3 35. e6 Kg7 36. Kf1 Kf6 37. g3 Nc5 38. Bd7 Nxe6 39. Bxe6
Kxe6 40. Ke2 g5 $11 1/2-1/2

[Event "XVII. DBMM Schach"]
[Site "Berlin"]
[Date "2017.11.03"]
[Round "4.3"]
[White "Rohne, Lars"]
[Black "Petenev, Yuriy"]
[Result "1/2-1/2"]
[WhiteElo "2145"]
[BlackElo "1959"]
[Annotator "hm"]
[PlyCount "39"]
[EventDate "2017.??.??"]
[EventType "team-swiss"]
[EventRounds "7"]
[EventCountry "GER"]
[SourceTitle "XVII. DBMM 2017"]
[Source "FV Schach e.V."]
[SourceDate "2018.05.26"]
[SourceVersion "1"]
[SourceVersionDate "2018.05.26"]
[SourceQuality "1"]
[WhiteTeam "le-tex GmbH Leipzig"]
[BlackTeam "BA Tempelhof Berlin"]
[WhiteTeamCountry "GER"]
[BlackTeamCountry "GER"]

1. e4 e6 2. d4 d5 3. Nc3 Nf6 4. e5 Nfd7 5. f4 a6 6. Nf3 c5 7. Be3 Qb6 8. Qd2
Qxb2 9. Rb1 Qa3 10. dxc5 Bxc5 11. Rb3 Bxe3 12. Qxe3 Qc5 13. Qd2 Nc6 14. Bd3 Nd4
15. Nxd4 Qxd4 16. Ne2 Qa1+ 17. Nc1 Qd4 18. Ne2 Qa1+ 19. Nc1 Qd4 20. Ne2 1/2-1/2

[Event "XVII. DBMM Schach"]
[Site "Berlin"]
[Date "2017.11.03"]
[Round "4.1"]
[White "Muse, Mladen"]
[Black "Welke, Klaus"]
[Result "1-0"]
[WhiteElo "2391"]
[BlackElo "2169"]
[Annotator "hm"]
[PlyCount "47"]
[EventDate "2017.??.??"]
[EventType "team-swiss"]
[EventRounds "7"]
[EventCountry "GER"]
[SourceTitle "XVII. DBMM 2017"]
[Source "FV Schach e.V."]
[SourceDate "2018.05.26"]
[SourceVersion "1"]
[SourceVersionDate "2018.05.26"]
[SourceQuality "1"]
[WhiteTeam "Deutsche Bahn/BSW Berlin"]
[BlackTeam "Deutsche Post Bonn II"]
[WhiteTeamCountry "GER"]
[BlackTeamCountry "GER"]

1. Nf3 d5 2. g3 Bf5 3. Bg2 e6 4. O-O Nf6 5. c4 c6 6. cxd5 exd5 7. d3 Be7 8. Nc3
O-O 9. Qc2 Nbd7 10. e4 dxe4 11. dxe4 Be6 12. Nd4 Bc4 13. Rd1 Re8 14. b3 Ba6 15.
Bf4 Qa5 16. a3 Nf8 17. b4 Qh5 18. h4 Ne6 19. Be3 Nxd4 20. Bxd4 b6 21. e5 Nd5
22. Nxd5 cxd5 23. Bxd5 Rac8 24. Qb3 1-0

[Event "XVII. DBMM Schach"]
[Site "Berlin"]
[Date "2017.11.03"]
[Round "4.2"]
[White "Brandes, Stephan"]
[Black "Muse, Drazen"]
[Result "1/2-1/2"]
[WhiteElo "2166"]
[BlackElo "2356"]
[Annotator "hm"]
[PlyCount "93"]
[EventDate "2017.??.??"]
[EventType "team-swiss"]
[EventRounds "7"]
[EventCountry "GER"]
[SourceTitle "XVII. DBMM 2017"]
[Source "FV Schach e.V."]
[SourceDate "2018.05.26"]
[SourceVersion "1"]
[SourceVersionDate "2018.05.26"]
[SourceQuality "1"]
[WhiteTeam "Deutsche Post Bonn II"]
[BlackTeam "Deutsche Bahn/BSW Berlin"]
[WhiteTeamCountry "GER"]
[BlackTeamCountry "GER"]

1. Nf3 Nf6 2. g3 g6 3. Bg2 Bg7 4. O-O O-O 5. d4 c6 6. c4 d6 7. Nc3 Qa5 8. d5
cxd5 9. cxd5 Bd7 10. e4 Na6 11. Be3 Rfc8 12. e5 Ng4 13. e6 Nxe3 14. exf7+ Kxf7
15. fxe3 Kg8 16. Nd4 Qb6 17. Qf3 Rf8 18. Qe4 Nc5 19. Qxe7 Rae8 20. Qg5 Qxb2 21.
Nce2 Qd2 22. Rxf8+ Bxf8 23. Rf1 Qxe3+ 24. Qxe3 Rxe3 25. Nf4 Bh6 26. Nfe6 Rd3
27. Kh1 Rc3 28. g4 Rc1 29. g5 Rxf1+ 30. Bxf1 Bxe6 31. dxe6 $11 Bxg5 32. Bc4 Be7
33. Nb5 a6 34. Nxd6 Kg7 35. Ne8+ Kf8 36. Nc7 Bd8 37. Nd5 Nxe6 38. Kg2 b5 39.
Bb3 Nd4 40. Bd1 Kf7 41. Bg4 a5 42. Kf2 b4 43. Ke3 Nc6 44. Ke4 a4 45. Bd7 b3 46.
Nc3 Bf6 47. Bxc6 1/2-1/2

[Event "XVII. DBMM Schach"]
[Site "Berlin"]
[Date "2017.11.03"]
[Round "4.3"]
[White "Kleeschaetzky, Rainer"]
[Black "Kutzner, Stephen"]
[Result "1/2-1/2"]
[WhiteElo "2304"]
[BlackElo "2086"]
[Annotator "hm"]
[PlyCount "43"]
[EventDate "2017.??.??"]
[EventType "team-swiss"]
[EventRounds "7"]
[EventCountry "GER"]
[SourceTitle "XVII. DBMM 2017"]
[Source "FV Schach e.V."]
[SourceDate "2018.05.26"]
[SourceVersion "1"]
[SourceVersionDate "2018.05.26"]
[SourceQuality "1"]
[WhiteTeam "Deutsche Bahn/BSW Berlin"]
[BlackTeam "Deutsche Post Bonn II"]
[WhiteTeamCountry "GER"]
[BlackTeamCountry "GER"]

1. e4 c5 2. c3 d5 3. exd5 Qxd5 4. d4 Nc6 5. Nf3 Bf5 6. Be3 cxd4 7. Nxd4 Nxd4 8.
Qxd4 Nf6 9. Na3 Qxd4 10. Bxd4 e5 11. Bxe5 Bxa3 12. bxa3 O-O-O 13. Bd4 Rhe8+ 14.
Kd2 Ne4+ 15. Kc1 a6 16. f3 Nc5 17. Bc4 b5 18. Bxf7 Re2 19. g4 Rxd4 20. cxd4
Nd3+ 21. Kd1 Rf2 22. gxf5 1/2-1/2

[Event "XVII. DBMM Schach"]
[Site "Berlin"]
[Date "2017.11.03"]
[Round "4.4"]
[White "Biedekoepper, Robert"]
[Black "Kleeschaetzky, Ralf"]
[Result "1/2-1/2"]
[WhiteElo "1986"]
[BlackElo "2239"]
[Annotator "hm"]
[PlyCount "28"]
[EventDate "2017.??.??"]
[EventType "team-swiss"]
[EventRounds "7"]
[EventCountry "GER"]
[SourceTitle "XVII. DBMM 2017"]
[Source "FV Schach e.V."]
[SourceDate "2018.05.26"]
[SourceVersion "1"]
[SourceVersionDate "2018.05.26"]
[SourceQuality "1"]
[WhiteTeam "Deutsche Post Bonn II"]
[BlackTeam "Deutsche Bahn/BSW Berlin"]
[WhiteTeamCountry "GER"]
[BlackTeamCountry "GER"]

1. d4 Nf6 2. c4 c5 3. d5 e6 4. Nc3 exd5 5. cxd5 d6 6. e4 g6 7. Nf3 Bg7 8. h3
O-O 9. Be3 Re8 10. Nd2 b6 11. a4 Ba6 12. Bb5 Bxb5 13. axb5 a5 14. Qc2 Nbd7
1/2-1/2

[Event "XVII. DBMM Schach"]
[Site "Berlin"]
[Date "2017.11.03"]
[Round "4.1"]
[White "Seger, Ruediger"]
[Black "Gottschalk, Jens"]
[Result "1/2-1/2"]
[WhiteElo "2342"]
[BlackElo "2268"]
[Annotator "hm"]
[PlyCount "89"]
[EventDate "2017.??.??"]
[EventType "team-swiss"]
[EventRounds "7"]
[EventCountry "GER"]
[SourceTitle "XVII. DBMM 2017"]
[Source "FV Schach e.V."]
[SourceDate "2018.05.26"]
[SourceVersion "1"]
[SourceVersionDate "2018.05.26"]
[SourceQuality "1"]
[WhiteTeam "Deutsche Post Bonn"]
[BlackTeam "R+V Versicherung Wiesbaden"]
[WhiteTeamCountry "GER"]
[BlackTeamCountry "GER"]

1. e4 c5 2. b3 Nc6 3. Bb2 d6 4. Bb5 Bd7 5. f4 a6 6. Bxc6 Bxc6 7. d3 e6 8. Nf3
Nf6 9. Nbd2 Be7 10. O-O O-O 11. Qe1 b6 12. Qg3 Nh5 13. Qg4 Nf6 14. Qh3 Ne8 15.
Rae1 d5 16. Ne5 Bb7 17. f5 exf5 18. exd5 Bxd5 19. Qxf5 Ra7 20. Ng4 f6 21. Ne3
Bf7 22. Qf3 Nd6 23. Nd5 Nb5 24. Nxe7+ Rxe7 25. Rxe7 Qxe7 26. Qf2 Re8 27. a4 Nc7
28. Nf3 Qe2 29. Re1 Qxf2+ 30. Kxf2 Kf8 31. c4 b5 32. axb5 axb5 33. Ba3 Ne6 34.
Nd4 b4 35. Nxe6+ Bxe6 36. Bc1 Bf5 37. Rxe8+ Kxe8 38. Ke2 Kd7 39. Be3 Kc6 40. h4
Bg4+ 41. Kd2 Bf5 42. g3 Bg4 43. d4 cxd4 44. Bxd4 Bf3 45. Be3 1/2-1/2

[Event "XVII. DBMM Schach"]
[Site "Berlin"]
[Date "2017.11.03"]
[Round "4.3"]
[White "Gikas, Andreas Basilius"]
[Black "Werner, Gregor"]
[Result "0-1"]
[WhiteElo "2191"]
[BlackElo "2128"]
[Annotator "hm"]
[PlyCount "96"]
[EventDate "2017.??.??"]
[EventType "team-swiss"]
[EventRounds "7"]
[EventCountry "GER"]
[SourceTitle "XVII. DBMM 2017"]
[Source "FV Schach e.V."]
[SourceDate "2018.05.26"]
[SourceVersion "1"]
[SourceVersionDate "2018.05.26"]
[SourceQuality "1"]
[WhiteTeam "Deutsche Post Bonn"]
[BlackTeam "R+V Versicherung Wiesbaden"]
[WhiteTeamCountry "GER"]
[BlackTeamCountry "GER"]

1. e4 e6 2. d4 d5 3. Nc3 Nf6 4. Bg5 Be7 5. e5 Nfd7 6. Bxe7 Qxe7 7. f4 a6 8. Nf3
c5 9. Qd2 Nc6 10. dxc5 Nxc5 11. Bd3 Nxd3+ 12. cxd3 b5 13. Ne2 Bd7 14. Rc1 O-O
15. Ned4 Nxd4 16. Nxd4 f6 17. Nf3 Be8 18. Qa5 fxe5 19. fxe5 Bh5 20. Rc7 Qd8 21.
Qb6 Bxf3 22. gxf3 Qh4+ 23. Kd1 Qh3 24. Rg1 g6 25. Qb7 Qxf3+ 26. Kc2 Qe2+ 27.
Kc3 Qxe5+ 28. Kb3 Qd4 29. a3 Rab8 30. Qxa6 Qa4+ 31. Qxa4 bxa4+ 32. Kc3 Rb3+ 33.
Kd4 Rxb2 34. Re1 Re8 35. Rf1 Rxh2 36. Rff7 Rh5 37. Kc5 e5 38. Rg7+ Kh8 39. Kxd5
e4+ 40. Kc4 exd3 41. Kxd3 Rg8 42. Rgf7 g5 43. Ra7 g4 44. Ke2 g3 45. Rf1 g2 46.
Rg1 Rh4 47. Rf7 Rhg4 48. Kf3 Rg3+ 0-1

[Event "XVII. DBMM Schach"]
[Site "Berlin"]
[Date "2017.11.03"]
[Round "4.4"]
[White "Launert, Martin"]
[Black "Dehmel, Jens"]
[Result "0-1"]
[WhiteElo "1879"]
[BlackElo "2082"]
[Annotator "hm"]
[PlyCount "101"]
[EventDate "2017.??.??"]
[EventType "team-swiss"]
[EventRounds "7"]
[EventCountry "GER"]
[SourceTitle "XVII. DBMM 2017"]
[Source "FV Schach e.V."]
[SourceDate "2018.05.26"]
[SourceVersion "1"]
[SourceVersionDate "2018.05.26"]
[SourceQuality "1"]
[WhiteTeam "R+V Versicherung Wiesbaden"]
[BlackTeam "Deutsche Post Bonn"]
[WhiteTeamCountry "GER"]
[BlackTeamCountry "GER"]

1. e4 e5 2. Nf3 Nc6 3. Bb5 a6 4. Bxc6 dxc6 5. d4 exd4 6. Qxd4 Qxd4 7. Nxd4 Bd7
8. O-O O-O-O 9. Nc3 Re8 10. Kh1 c5 11. Nde2 f5 12. Ng3 fxe4 13. Ngxe4 Bf5 14.
f3 Nf6 15. Re1 c4 16. Bg5 Nxe4 17. Nxe4 c3 18. bxc3 h6 19. Bh4 Ba3 20. Rab1 Re6
21. Rb3 Bd6 22. Nxd6+ cxd6 23. Rbb1 Rhe8 24. Kg1 Bxc2 25. Rxe6 Rxe6 26. Re1 $11
Rxe1+ 27. Bxe1 Bb1 28. a3 Kd7 29. Kf2 Kc6 30. Ke3 Kb5 31. Kd4 Ka4 32. Kd5 Kxa3
33. Kxd6 b5 34. Kc5 Bd3 35. f4 a5 36. Kd4 Bf5 37. h3 h5 38. Kc5 Bd3 39. Kd4 Bf1
40. g4 hxg4 41. hxg4 Bh3 42. g5 g6 43. c4 b4 44. c5 Kb3 45. c6 a4 46. Ke5 a3
47. Bf2 Kc4 48. c7 b3 49. Kf6 Bf5 50. c8=Q+ Bxc8 51. Kxg6 0-1